000 00783nam a2200205 a 4500
001 000024290
005 20200930022900.0
008 110125s1969 ag a r 000 0 spa d
040 _aDO-SdBNP
_bspa
_cBNPHU
082 _axxxxx
_bS697v
100 1 _aSommers, N. L.
_949854
245 1 0 _avida, libros y deberes /
_cN. L. Sommers [et. al.] ; traducción Leandro Wolfson.
260 _aBuenos Aires, Argentina :
_bCentro Regional de Ayuda Técnica :
_bAgencia para el Desarrollo Internacional (A.I.D.),
_c1969.
300 _a167 p. :
_bil. ;
_c18.5 cm.
500 _aIncluye bibliografía p. [164-167].
500 _aIncluye referencias bibliográficas y notas al pie de las páginas.
534 _aTeacher´s encyclopedia.
700 1 _aWolfson, Leandro,
_etr.
_98683
049 _aBNGR
999 _c23783
_d23783